000 00711nam a22002657a 4500
003 CHAP
005 20220329133941.0
008 971013c19481923 r 00010 d
010 _a13119
011 _a14091
035 _a18164
040 _cCHAP
082 _a664.92
_bH4
100 0 0 _aHelser, Maurice David.
_953486
245 _aFarm meats
260 _aNew York :
_bMacMillan,
_c1948 (c.1923)
300 _a274 p.
_b: ilus.
590 _aBATCH-UPD
_b10
_c20130110
_lUCH01
_h1054
590 _aCONVERSION
_b10
_c20130109
_lUCH01
_h1309
650 1 4 _aCarne.
_919053
650 1 4 _aCarne
_xIndustria.
_919079
901 _aBK
942 _cLIBRO
949 _a664.92 H4
_bBC
_cBPA
_d-42413
_eBPA
_h25340
_i18164
_si
999 _c13119
_d13119